000
00441nam a2200133Ia 4500
008
100328s9999 xx 000 0 und d
082
_b
73504
100
_a
कवळेकर कुंदा.
245
_a
एक पूर्ण कहाणी.
260
_b
विभासा पुस्तक महाल.
630
_a
एक पूर्ण कहाणी.
730
_a
एक पूर्ण कहाणी.
942
_c
BOOK
999
_c
559225
_d
559222